Distritos da Zona Sul de São Paulo - Statistics

Estatísticas Gerais
  • Esse quiz foi jogado 28 vezes
  • A pontuação média é 14 de 22
Respostas no mapa
Respostas codificadas por cores de uma escala verde-vermelha no mapa do quiz de acordo com a % correta abaixo.
 
Estatísticas das Respostas
% Correto
Capão Redondo
85%
Santo Amaro
80%
Campo Limpo
75%
Ipiranga
75%
Jabaquara
75%
Parelheiros
75%
Grajaú
70%
Jardim Ângela
70%
Marsilac
70%
Moema
65%
Saúde
65%
Vila Mariana
65%
Pedreira
60%
Sacomã
60%
Socorro
60%
Cidade Ademar
55%
Cidade Dutra
55%
Cursino
55%
Jardim São Luís
55%
Vila Andrade
55%
Campo Belo
50%
Campo Grande
50%
Nenhum quiz correspondente encontrado
Distribuição das Pontuações
Porcentagem de Pessoas com Cada Pontuação
Percentil de Números Respondidos
Sua Pontuação Histórica
Você não jogou esse quiz